| 000 | 00459nam a2200181Ia 4500 | ||
|---|---|---|---|
| 005 | 20250423101406.0 | ||
| 008 | 250422s9999 xx 000 0 und d | ||
| 020 | _a0393313123 | ||
| 050 | _aHV 8593 .M55/ | ||
| 100 | _aMillett, Kate | ||
| 245 | 4 | _aThe politics of cruelty: an essey on the literature of imprisonment | |
| 260 | _aNew York | ||
| 260 | _bW. W. Norton & company | ||
| 260 | _c1994 | ||
| 300 | _a335 p | ||
| 650 | _aTorture | ||
| 942 | _cBK | ||
| 999 |
_c36172 _d36172 |
||